LEADER 00860nam0-22003131i-450- 001 990006532540403321 005 20001010 035 $a000653254 035 $aFED01000653254 035 $a(Aleph)000653254FED01 035 $a000653254 100 $a20001010d--------km-y0itay50------ba 101 0 $aita 105 $ay-------001yy 200 1 $aRevisione della Costituzione$fPaolo Barile, Ugo De Siervo 210 $aTorino$cUtet$ds.d. 215 $a41 p. 30 cm 300 $a"Estratto dal'Novissimo Digesto Italiano'". 676 $a342.4503 700 1$aBarile,$bPaolo$036027 702 1$aDe Siervo,$bUgo$f<1942- > 801 0$aIT$bUNINA$gRICA$2UNIMARC 901 $aBK 912 $a990006532540403321 952 $aBUSTA I B 141$b612$fFSPBC 959 $aFSPBC 996 $aRevisione della Costituzione$9620112 997 $aUNINA DB $aGEN01 LEADER 01078nam--2200349---450- 001 990003284420203316 005 20090630140829.0 035 $a000328442 035 $aUSA01000328442 035 $a(ALEPH)000328442USA01 035 $a000328442 100 $a20090630d1982----km-y0itay50------ba 101 $aeng 102 $aNL 105 $a||||||||001yy 200 1 $aField theoretical methods in chemical physics$fR. Paul 210 $aAmsterdam [etc.]$cElsevier Scientific$d1982 215 $aVII, 414 p.$cill.$d24 cm 225 2 $aStudies in physical and theoretical chemistry$v19 410 0$12001$aStudies in physical and theoretical chemistry 606 0 $aChimica quantistica 606 0 $aTeoria quantistica dei campi 676 $a541.28 700 1$aPAUL,$bR.$0462811 801 0$aIT$bsalbc$gISBD 912 $a990003284420203316 951 $a541.28 PAU$b13649/CBS$c541.28$d00223706 959 $aBK 969 $aSCI 979 $aRSIAV6$b90$c20090630$lUSA01$h1408 996 $aField theoretical methods in chemical physics$91117615 997 $aUNISA